000
00286nam a2200109Ia 4500
008
220217s9999 xx 000 0 und d
245
0
_a
Specification for rubbers for the dairy industry.
260
_c
1971
500
_a
Standard number: IS 6450
650
_a
Dairy industry
942
_c
ST
999
_c
73895
_d
73895